000 004310000a22001810004500
003 MACL
005 20150929123448.0
008 150929b xxu||||| |||| 00| 0 eng d
040 _aMACL
_cMACL
041 _aEnglish
082 _a900/KAU
100 _aKaur, Pritam
_912664
245 _aIndian Orchestra
_bVadya-Vrinda
260 _bB R Rhythms
_c2008
_aDelhi
350 _a995
650 _aHistory
_912665
942 _cBK
_k900
_2ddc
999 _c8651
_d8651